Mixco y la expansión de la Ciudad de Guatemala / (Registro nro. 12)

Detalles MARC
000 -LEADER
campo de control de longitud fija 02438nam a22003617a 4500
001 - NÚMERO DE CONTROL
campo de control 12
003 - IDENTIFICADOR DE NÚMERO DE CONTROL
campo de control gtuscu
005 - FECHA Y HORA DE LA ÚLTIMA TRANSACCIÓN
campo de control 20250811154815.0
008 - DATOS DE LONGITUD FIJA--INFORMACIÓN GENERAL
campo de control de longitud fija 240926b2019 gt be||| |||| 00| 0 gt d
040 ## - FUENTE DE CATALOGACIÓN
Centro catalogador/agencia de origen gtuscu
Lengua de catalogación spa
Centro/agencia transcriptor gtuscu
Centro/agencia modificador gtuscu
Normas de descripción RDA
041 1# - CÓDIGO DE IDIOMA
Código de lengua original spa
082 04 - NÚMERO DE LA CLASIFICACIÓN DECIMAL DEWEY
Número de clasificación CEUR 711.409 M967
100 1# - ENTRADA PRINCIPAL--NOMBRE DE PERSONA
Nombre de persona Muñoz Paz, María del Carmen
Fechas asociadas al nombre 1968- ;
Término indicativo de función/relación autora.
9 (RLIN) 8
245 1# - MENCIÓN DEL TÍTULO
Título Mixco y la expansión de la Ciudad de Guatemala /
Mención de responsabilidad, etc. María del Carmen Muñoz Paz.
260 ## - PUBLICACIÓN, DISTRIBUCIÓN, ETC.
Fecha de publicación, distribución, etc.
264 1# - PRODUCCIÓN, PUBLICACIÓN, DISTRIBUCIÓN, FABRICACIÓN Y COPYRIGHT
Producción, publicación, distribución, fabricación y copyright Guatemala :
Nombre del de productor, editor, distribuidor, fabricante Universidad de San Carlos de Guatemala, Centro de Estudios Urbanos y Regionales,
Fecha de producción, publicación, distribución, fabricación o copyright 2019.
264 1# - PRODUCCIÓN, PUBLICACIÓN, DISTRIBUCIÓN, FABRICACIÓN Y COPYRIGHT
Fecha de producción, publicación, distribución, fabricación o copyright ©2019
300 ## - DESCRIPCIÓN FÍSICA
Extensión 176 páginas :
Otras características físicas Ilustraciones;
Dimensiones 25 cm
336 ## - TIPO DE CONTENIDO
Término de tipo de contenido texto
Fuente rda content
Código de tipo de contenido txt
337 ## - TIPO DE MEDIO
Nombre/término del tipo de medio sin mediación
Código del tipo de medio n
Fuente rdamedio
338 ## - TIPO DE SOPORTE
Nombre/término del tipo de soporte volumen
Código del tipo de soporte nc
Fuente rdacarrier
490 ## - MENCIÓN DE SERIE
Mención de serie Ordenamiento Territorial y Gestión del Riesgo
Designación de volumen o secuencia Volúmen II
504 ## - NOTA DE BIBLIOGRAFÍA, ETC.
Nota de bibliografía, etc. Nota Incluye Referencias y Anexo
505 0# - NOTA DE CONTENIDO CON FORMATO
Información miscelánea CAPÍTULO I.
Título Antecedentes --
505 0# - NOTA DE CONTENIDO CON FORMATO
Información miscelánea CAPÍTULO II.
Título Proceso de expansión --
505 0# - NOTA DE CONTENIDO CON FORMATO
Información miscelánea CAPÍTULO III.
Título Casos emblemáticos.
520 3# - RESUMEN, ETC.
Sumario, etc. Caracterizar la lógica de expansión de la Ciudad de Guatemala hacia Occidente es el objtivo de este libro. Para tal cometido, presenta una aproximación histórica sobre la propiedad de la tierra en el Valle de Mixco, en donde se examinan dos momentos importantes para la configuración del territorio: La Reforma Liberal de 1871 y la Reforma Agraria de 1952, ofreciendo los ejemplos específicos de las fincas Las Majadas y el Naranjo. En una segunda parte expone el desarrollo de las zonas capitalinas 7, 11 y 12 a partir de la segunda mitad del siglo XX y el crecimiento paralelo experimentando en el Valle de Mixco, a partir de la fundación de La Colonia Florida en 1954, la cual es vista como un polo de crecimiento poblacional en el área. Termina el estudio tipificando las colonias La Florida y Primero de Julio como casos emblemáticos y natagónicos en cuanto a sus condiciones de infraestructura urbana, poniendo de manifiesto que ambas fueron creadas como parte de la expansión de la Ciudad de Guatemala hacia Occidente.
650 14 - PUNTO DE ACCESO ADICIONAL DE MATERIA--TÉRMINO DE MATERIA
Término de materia o nombre geográfico como elemento de entrada Ordenamiento territorial
Subdivisión de forma Historia
Subdivisión geográfica Mixco
-- Guatemala
650 14 - PUNTO DE ACCESO ADICIONAL DE MATERIA--TÉRMINO DE MATERIA
Término de materia o nombre geográfico como elemento de entrada Urbanismo
Subdivisión geográfica Ciudad de Guatemala
-- Mixco
650 14 - PUNTO DE ACCESO ADICIONAL DE MATERIA--TÉRMINO DE MATERIA
Término de materia o nombre geográfico como elemento de entrada Desarrollo urbano
650 14 - PUNTO DE ACCESO ADICIONAL DE MATERIA--TÉRMINO DE MATERIA
Término de materia o nombre geográfico como elemento de entrada Crecimiento demógrafico
942 ## - ELEMENTOS DE ENTRADA SECUNDARIOS (KOHA)
Fuente de la clasificación o esquema de estantería Clasificación Decimal Dewey
Tipo de ítem Koha Libros
Edición Primera Edición
Parte de la signatura que corresponde a la clasificación (Parte de la clasificación) 711.409 M967
Parte de la signatura que identifica el ejemplar (Parte del ítem) 711.409
Prefijo de la signatura 711.409
Sufijo de la signatura 711.409 M967
Suprimir en OPAC No
Existencias
Estatus retirado Estado de pérdida Fuente de la clasificación o esquema de estantería Estado de daño No para préstamo Colección Biblioteca de origen Biblioteca actual Fecha de adquisición Fuente de adquisición Número de inventario Total de préstamos Signatura topográfica completa Código de barras Visto por última vez Tipo de ítem Koha Nota pública Copia número
    Clasificación Decimal Dewey     general BIBLIOTECA CEUR FLAVIO QUESADA SALDAÑA BIBLIOTECA CEUR FLAVIO QUESADA SALDAÑA 20/09/2019 Donación CEUR 16H-BF1   CEUR 711.409 M967 BFQS00025 26/09/2024 Libros Disponible  
    Clasificación Decimal Dewey     general BIBLIOTECA CEUR FLAVIO QUESADA SALDAÑA BIBLIOTECA CEUR FLAVIO QUESADA SALDAÑA 20/09/2019 Donación CEUR 16H-BF2   CEUR 711.409 M967 C.2 BFQS00026 13/11/2024 Libros Disponible 2
    Clasificación Decimal Dewey     general BIBLIOTECA CEUR FLAVIO QUESADA SALDAÑA BIBLIOTECA CEUR FLAVIO QUESADA SALDAÑA 20/09/2019 Donación CEUR 16H-BF3   CEUR 711.409 M967 C.3 BFQS00027 13/11/2024 Libros Disponible 3